000 00612nam a22001935i 4500
001 54253
003 ES-MaACL
005 20250814053133.0
007 t|
008 960716s1900 fr |||| | fre d
100 1 _aFlammarion, Camille,
_d1842-1925
_951110
245 1 2 _aL'inconnu et les problèmes psychiques /
_cCamille Flammarion.
260 _aParis :
_bErnest Flammarion,
_c[1900?] (
_fimp. Hemmerlé et Cie.)
300 _a[8], XIV, 585 p. ;
_c18 cm.
650 0 7 _aParapsicología
_2embne
_915827
650 7 _aOcultismo
_2embne
_915681
852 _aES-MaACL
_jG-11083
999 _c54253
_d54253